Religija i kul'tura (filosofskije očerki)

Bibliographic Details
Main Author: Mitrochin, Lev Nikolajevič (Author)
Format: Book
Language:Russian
PhysicalDescription:316 s. 17 cm
Published: Moskva Institut filosofii RAN 2000
ISBN:5201020305
Subjects:

MARC

LEADER 00000nam a2200000 a 4500
001 vtls001426724
003 SK-MaSNL
005 20260302035431.0
008 251124s2000 RU r 0 rus
020 |a 5201020305  |c [110,00] 
035 |a SNK000381680 
040 |a SNK  |b slo  |c SNK  |e AACR2 
044 |a RU 
080 |a 23/29:008  |2 1981 
080 |a 008:23/29  |2 1981 
100 1 |a Mitrochin, Lev Nikolajevič  |4 aut  |9 688362 
245 1 0 |a Religija i kul'tura  |b (filosofskije očerki)  |c L.N. Mitrochin 
260 |a Moskva  |b Institut filosofii RAN  |c 2000 
300 |a 316 s.  |c 17 cm 
650 0 7 |a náboženstvo  |x spoločnosť  |x vzťahy  |x monografie  |2 SNK  |9 688363 
919 |a 5-201-02030-5 
999 |c 1070608  |d 1072538 
952 |t P60, <04>, [BOOK], {604}  |a SNK  |b SNK  |y VYP  |7 0  |p 17A0328722  |o snkID 96990  |i snkV 129/2002  |0 0  |1 0  |4 0  |d 2002-01-24  |l 0  |r 2005-01-02 00:00:00  |w 2026-02-24